[Event "Frankfurt-ch"]
[Site "Frankfurt"]
[Date "2011.05.16"]
[Round "3"]
[White "Annen, Oliver"]
[Black "Glaeser, Michael"]
[Result "1-0"]
[WhiteElo "1559"]
[BlackElo "1151"]
[PlyCount "61"]
[EventDate "2011.05.02"]
[EventType "swiss"]
[EventRounds "7"]
[EventCountry "GER"]
[SourceTitle "EXT 2012"]
[Source "ChessBase"]
[SourceDate "2011.11.24"]
[SourceVersion "1"]
[SourceVersionDate "2011.11.24"]
[SourceQuality "1"]

1. c4 e6 2. Nc3 Nf6 3. d4 d5 4. Nf3 Bb4 5. e3 Bxc3+ 6. bxc3 Ne4 7. Qc2 Nc6 8. Bd3 f5 9. 0-0 Ng5 10. Nxg5 Qxg5 11. e4 f4 12. exd5 exd5 13. cxd5 Bh3 14. Qe2+ Ne7 15. Qf3 Bg4 16. Qxf4 Qxf4 17. Bxf4 Nxd5 18. Rfe1+ Kd7 19. Bd2 Rae8 20. f3 Bh5 21. Bf5+ Kc6 22. Be4 h6 23. c4 Rxe4 24. cxd5+ Kxd5 25. Rxe4 Bg6 26. Rg4 Bd3 27. Rxg7 Kxd4 28. Rd7+ Kc4 29. Rxc7+ Kd4 30. Bc3+ Ke3 31. Bxh8 1-0